000 00706nam a2200229 a 4500
005 20240925065259.0
008 991125s1983 mx 000 0 spa u
020 _a9682311527
035 _aUPN01000012202
049 _aCG
050 4 _aB833
_bC74
245 0 0 _aCrisis de la razón :
_bnuevos modelos en la relación entre saber y actividad humana /
_cAldo Gargani... [et al.]
260 _aMéxico :
_bSiglo XXI,
_c1983.
300 _a332 p.
440 0 _aTeoría
590 _a(También localizas un ejemplar en el "Area de Reserva")
590 _aBibliografía Básica (BGTQ)
650 2 _aRacionalismo
_920190
650 0 _aRazón
_920745
700 1 _aGargani, Aldo,
_ecoaut.
905 _aLibro
999 _c12202
_d12202